00261nam a2200109Ia 4500008004100000100001400041245003800055260002200093650001200115942000700127999001700134190216s9999||||xx |||||||||||||| ||und|| aMenon D S 0aMechanics And Statistical Physics bWiley Eastern Ltd aPhysics cBK c32944d32944